MARC

LEADER 00000nam0a2200000 4500
001 95970
005 20231101214035.0
010 |a 0273701959 
035 |a (RuTPU)RU\TPU\book\102737 
090 |a 95970 
100 |a 20060505d2006 k y0engy50 ba 
101 0 |a eng 
102 |a US 
105 |a y z 001zy 
200 1 |a Mathematics for Economics and Business   |f I. Jacques 
205 |a 5th ed. 
210 |a Edinburgh  |c Prentice Hall  |d 2006 
215 |a 683 p. 
320 |a Index: p. 672-683. 
606 1 |a Экономико-математические методы и модели  |2 stltpush  |3 (RuTPU)RU\TPU\subj\26568  |9 50466 
610 1 |a экономика 
610 1 |a бизнес 
610 1 |a экономические методы 
610 1 |a экономические модели 
610 1 |a экономическая статистика 
610 1 |a экономические вычисления 
610 1 |a английский язык 
686 |a Ув631  |v LBC/SL-A  |2 rubbk 
700 1 |a Jacques  |b I.  |g Ian 
801 1 |a RU  |b 63413507  |c 20060505  |g PSBO 
801 2 |a RU  |b 63413507  |c 20231017  |g PSBO 
942 |c BK 
959 |a 29/20060505  |d 1  |e 2706,60  |f АЯ1:1